| 000 | 00756nam a2200229Ia 4500 | ||
|---|---|---|---|
| 001 | 16692 | ||
| 003 | GE_BSU | ||
| 008 | 181216s||||||||xx |||||||||||||| ||und|| | ||
| 040 | _cGE_BSU | ||
| 080 | _a82-93:821.161.1-31 | ||
| 100 | _aკატაევი, ვ. | ||
| 245 | _aშავი ზღვის ტალღები. ხუტორი ველზე | ||
| 245 | _bეპოპეა | ||
| 245 | _cმთ.ნ.ფურცელაძე. მხ.ელ.ამაშუკელი | ||
| 260 | _aთბილისი | ||
| 260 | _bნაკადული | ||
| 260 | _c1965 | ||
| 300 | _a367 გვ.21სმ | ||
| 653 | _aშავი ზღვის ტალღები | ||
| 653 | _aხუტორი ველზე | ||
| 942 | _cBK | ||
| 999 |
_c49757 _d49757 |
||